[Event "Porto Mannu op 9th"]
[Site "Porto Mannu"]
[Date "2017.06.06"]
[Round "4"]
[White "Forno, Roberto"]
[Black "Paulovic, Martin"]
[Result "1-0"]
[WhiteElo "1929"]
[BlackElo "2047"]
[PlyCount "53"]
[EventDate "2017.06.03"]
[EventType "swiss"]
[EventRounds "9"]
[EventCountry "ITA"]
[SourceTitle "CBM 178 Extra"]
[Source "ChessBase"]
[SourceDate "2017.06.22"]
[SourceVersion "1"]
[SourceVersionDate "2017.06.22"]
[SourceQuality "1"]

1. d4 Nf6 2. c4 e6 3. Nc3 Bb4 4. a3 Bxc3+ 5. bxc3 b6 6. f3 d5 7. cxd5 exd5 8. e3 0-0 9. Bd3 c6 10. Ne2 Re8 11. 0-0 a5 12. Ng3 Ba6 13. e4 Bxd3 14. Qxd3 Nfd7 15. e5 c5 16. f4 Nc6 17. Nf5 c4 18. Qf3 Ne7 19. Nxe7+ Qxe7 20. Qxd5 Qe6 21. Qf3 f6 22. f5 Qe7 23. Qd5+ Kh8 24. e6 Nf8 25. Qxc4 Rac8 26. Qd3 Qc7 27. Bd2 1-0

[Event "Nichelino op 16th"]
[Site "Nichelino"]
[Date "2015.10.03"]
[Round "3"]
[White "Forno, Roberto"]
[Black "Brugo, Marco"]
[Result "0-1"]
[WhiteElo "1921"]
[BlackElo "2111"]
[PlyCount "72"]
[EventDate "2015.10.02"]
[EventType "swiss"]
[EventRounds "5"]
[EventCountry "ITA"]
[SourceTitle "EXT 2018"]
[Source "ChessBase"]
[SourceDate "2017.10.13"]
[SourceVersion "1"]
[SourceVersionDate "2017.10.13"]
[SourceQuality "1"]

1. d4 e6 2. Nf3 f5 3. Nbd2 Nf6 4. e3 b6 5. Bd3 Bb7 6. 0-0 Be7 7. Re1 Ne4 8. Qe2 0-0 9. Ne5 d6 10. Nec4 Nd7 11. f3 Nxd2 12. Bxd2 e5 13. dxe5 d5 14. Na3 Nxe5 15. Ba6 Qc8 16. Bxb7 Qxb7 17. Bc3 Bf6 18. Rad1 Rae8 19. Nb1 Bh4 20. g3 d4 21. Kg2 dxc3 22. gxh4 cxb2 23. Rd4 c5 24. Rd6 Qe7 25. Red1 Qxh4 26. Nd2 Rd8 27. Re6 Nc4 28. Nb1 Rde8 29. Rxe8 Rxe8 30. Rd3 f4 31. e4 Ne3+ 32. Rxe3 Qg5+ 33. Kf1 fxe3 34. Qb5 Rf8 35. Ke2 Qg2+ 36. Kxe3 Rxf3# 0-1

[Event "Condino op 12th"]
[Site "Condino"]
[Date "2012.07.28"]
[Round "7"]
[White "Lezzerini, Marco"]
[Black "Forno, Roberto"]
[Result "1-0"]
[WhiteElo "1948"]
[BlackElo "1883"]
[PlyCount "55"]
[EventDate "2012.07.22"]
[EventType "swiss"]
[EventRounds "7"]
[EventCountry "ITA"]
[SourceTitle "CBM 149 Extra"]
[Source "ChessBase"]
[SourceDate "2012.08.24"]
[SourceVersion "1"]
[SourceVersionDate "2012.08.24"]
[SourceQuality "1"]

1. c4 g6 2. g3 Bg7 3. Bg2 Nc6 4. Nc3 e5 5. e4 d6 6. Nge2 Nge7 7. 0-0 Be6 8. Nd5 Qd7 9. d3 0-0-0 10. b4 f6 11. Be3 Bh3 12. b5 Bxg2 13. bxc6 Nxc6 14. Kxg2 h5 15. Qa4 h4 16. Rh1 f5 17. Bxa7 f4 18. f3 fxg3 19. h3 Rdf8 20. Rhf1 g5 21. Bb6 Rxf3 22. Rxf3 g4 23. Rf5 gxh3+ 24. Kxh3 Qe6 25. Qa8+ Kd7 26. Qxb7 Rc8 27. Nxc7 Qg8 28. Ne8+ 1-0

[Event "Condino op 12th"]
[Site "Condino"]
[Date "2012.07.27"]
[Round "6"]
[White "Forno, Roberto"]
[Black "Girelli, Sergio"]
[Result "1-0"]
[WhiteElo "1883"]
[BlackElo "1889"]
[PlyCount "49"]
[EventDate "2012.07.22"]
[EventType "swiss"]
[EventRounds "7"]
[EventCountry "ITA"]
[SourceTitle "CBM 149 Extra"]
[Source "ChessBase"]
[SourceDate "2012.08.24"]
[SourceVersion "1"]
[SourceVersionDate "2012.08.24"]
[SourceQuality "1"]

1. d4 Nf6 2. Bg5 Ne4 3. Bf4 g6 4. Nd2 Nf6 5. e4 Bg7 6. Ngf3 0-0 7. Bc4 c6 8. e5 Nd5 9. Bxd5 cxd5 10. 0-0 Nc6 11. c3 b6 12. Re1 Ba6 13. h4 h5 14. b4 Bd3 15. Qb3 e6 16. Re3 Ba6 17. a4 Ne7 18. Bg5 Qe8 19. b5 Bb7 20. a5 bxa5 21. Rxa5 a6 22. bxa6 Nc6 23. Qb6 Nxa5 24. axb7 Qb8 25. bxa8N 1-0

[Event "Condino op 12th"]
[Site "Condino"]
[Date "2012.07.26"]
[Round "5"]
[White "De Santis, Alessio"]
[Black "Forno, Roberto"]
[Result "1-0"]
[WhiteElo "2349"]
[BlackElo "1883"]
[PlyCount "85"]
[EventDate "2012.07.22"]
[EventType "swiss"]
[EventRounds "7"]
[EventCountry "ITA"]
[SourceTitle "CBM 149 Extra"]
[Source "ChessBase"]
[SourceDate "2012.08.24"]
[SourceVersion "1"]
[SourceVersionDate "2012.08.24"]
[SourceQuality "1"]

1. b3 e5 2. Bb2 Nc6 3. e3 Nf6 4. c4 d5 5. cxd5 Nxd5 6. a3 Bd6 7. Qc2 0-0 8. Nf3 Qe7 9. d3 Bg4 10. Nbd2 Rad8 11. Be2 Kh8 12. h3 Bh5 13. g4 Bg6 14. h4 f6 15. h5 Bf7 16. Nh4 Kg8 17. Nf5 Qd7 18. Bf3 Rfe8 19. Be4 Bf8 20. Ke2 g6 21. hxg6 hxg6 22. Nh6+ Bxh6 23. Rxh6 Kg7 24. Rah1 Rh8 25. Rxh8 Rxh8 26. Rxh8 Kxh8 27. Bf3 Kg7 28. b4 Be6 29. g5 Qe7 30. b5 Na5 31. gxf6+ Kxf6 32. Bxd5 Bxd5 33. e4 Bf7 34. f4 Ke6 35. Bxe5 Qxa3 36. Qxc7 Be8 37. Nf3 Bd7 38. Qd8 Qa2+ 39. Ke3 Nc4+ 40. dxc4 Qb3+ 41. Kf2 Qc2+ 42. Kg3 Qd3 43. Qf6# 1-0

[Event "Condino op 12th"]
[Site "Condino"]
[Date "2012.07.25"]
[Round "4"]
[White "Forno, Roberto"]
[Black "Panjkovic, Aleksandar"]
[Result "1-0"]
[WhiteElo "1883"]
[BlackElo "2163"]
[PlyCount "60"]
[EventDate "2012.07.22"]
[EventType "swiss"]
[EventRounds "7"]
[EventCountry "ITA"]
[SourceTitle "CBM 149 Extra"]
[Source "ChessBase"]
[SourceDate "2012.08.24"]
[SourceVersion "1"]
[SourceVersionDate "2012.08.24"]
[SourceQuality "1"]

1. b4 e5 2. Bb2 d6 3. e3 Be7 4. c4 Nd7 5. Nf3 f5 6. d4 e4 7. Nfd2 Ngf6 8. Be2 0-0 9. Nc3 Kh8 10. 0-0 c6 11. a4 d5 12. b5 Rg8 13. Qb3 Nf8 14. f3 Be6 15. a5 Qc7 16. f4 g5 17. b6 Qb8 18. cxd5 Bxd5 19. Nxd5 cxd5 20. bxa7 Rxa7 21. fxg5 Rxg5 22. h4 Rg4 23. Bxg4 Nxg4 24. Rf4 Ra6 25. Rxg4 fxg4 26. Qxd5 Qg3 27. Nf1 Qxh4 28. Qxe4 Rh6 29. Qxb7 Bd6 30. d5+ Kg8 1-0

[Event "Milan Crespi op-B 32nd"]
[Site "Milan"]
[Date "2011.12.10"]
[Round "5"]
[White "Cattaneo, Marco"]
[Black "Forno, Roberto"]
[Result "1-0"]
[WhiteElo "1973"]
[BlackElo "1911"]
[PlyCount "83"]
[EventDate "2011.12.07"]
[EventType "swiss"]
[EventRounds "7"]
[EventCountry "ITA"]
[SourceTitle "EXT 2022"]
[Source "ChessBase"]
[SourceDate "2021.10.06"]
[SourceVersion "1"]
[SourceVersionDate "2021.10.06"]
[SourceQuality "1"]

1. d4 d6 2. Nf3 g6 3. c4 Bg7 4. Nc3 Nf6 5. e4 0-0 6. Be2 Na6 7. 0-0 c5 8. d5 Nc7 9. a4 e5 10. a5 Nh5 11. Ne1 Nf4 12. Nd3 Nxe2+ 13. Qxe2 f5 14. f3 f4 15. b4 cxb4 16. Nxb4 g5 17. Nd3 h5 18. c5 dxc5 19. Nxc5 g4 20. Bd2 Rf6 21. Kh1 Rg6 22. Rg1 g3 23. h3 Qh4 24. Qf1 Ne8 25. Nb5 Bf8 26. Nd3 a6 27. Na3 Rg5 28. Nc4 b5 29. axb6 Nd6 30. Ncxe5 Bg7 31. Bxf4 Bxh3 32. gxh3 Nxe4 33. fxe4 Rf8 34. Bxg5 Qxg5 35. Qg2 h4 36. Rgf1 Re8 37. Rxa6 Bxe5 38. Nxe5 Qxe5 39. b7 Kg7 40. Ra8 Rb8 41. Rxb8 Qxb8 42. Rb1 1-0

[Event "Milan Crespi op-B 32nd"]
[Site "Milan"]
[Date "2011.12.07"]
[Round "1"]
[White "Forno, Roberto"]
[Black "Falconieri, Goffredo"]
[Result "1-0"]
[WhiteElo "1911"]
[BlackElo "1789"]
[PlyCount "67"]
[EventDate "2011.12.07"]
[EventType "swiss"]
[EventRounds "7"]
[EventCountry "ITA"]
[SourceTitle "EXT 2022"]
[Source "ChessBase"]
[SourceDate "2021.10.06"]
[SourceVersion "1"]
[SourceVersionDate "2021.10.06"]
[SourceQuality "1"]

1. e4 c6 2. Nf3 d5 3. Nc3 dxe4 4. Nxe4 Nd7 5. Bc4 e6 6. 0-0 Ngf6 7. Ng3 Be7 8. d4 0-0 9. Qe2 Nb6 10. Bd3 c5 11. dxc5 Bxc5 12. Bg5 Be7 13. Rad1 Qc7 14. Rfe1 Nbd5 15. Ne5 Nb4 16. Bc4 a6 17. a3 Nbd5 18. Bd3 b5 19. f4 Re8 20. Kh1 Bb7 21. f5 Bc8 22. Qf3 Rf8 23. h4 exf5 24. Nxf5 Bxf5 25. Qxf5 g6 26. Qf3 Rad8 27. Re2 Kg7 28. g4 h6 29. Bc1 Bc5 30. b4 Bd4 31. Rde1 Nc3 32. Bxh6+ Kg8 33. Qxf6 Bxe5 34. Rxe5 1-0

[Event "Milan Crespi op-B 31th"]
[Site "Milan"]
[Date "2010.12.07"]
[Round "5"]
[White "Forno, Roberto"]
[Black "Silari, Andrea"]
[Result "1-0"]
[WhiteElo "1940"]
[BlackElo "1805"]
[PlyCount "58"]
[EventDate "2010.12.04"]
[EventType "swiss"]
[EventRounds "7"]
[EventCountry "ITA"]
[SourceTitle "EXT 2024"]
[Source "ChessBase"]
[SourceDate "2023.10.10"]
[SourceVersion "1"]
[SourceVersionDate "2023.10.10"]
[SourceQuality "1"]

1. d4 Nf6 2. Bg5 d5 3. e3 e6 4. Nf3 Be7 5. c4 0-0 6. Qc2 Ne4 7. Bxe7 Qxe7 8. Bd3 f5 9. 0-0 Rf6 10. Nc3 c6 11. cxd5 Nxc3 12. bxc3 cxd5 13. c4 Nc6 14. a3 b6 15. cxd5 exd5 16. Qa2 Rd6 17. Rac1 Be6 18. Rc3 g5 19. Rfc1 g4 20. Nd2 Nd8 21. a4 Nf7 22. a5 bxa5 23. Qxa5 Rad8 24. Rc7 R8d7 25. Qxa7 Qh4 26. Bb5 Ng5 27. Bxd7 Nh3+ 28. gxh3 gxh3 29. Bxe6+ Kf8 1-0

[Event "Milan Crespi op-B 31th"]
[Site "Milan"]
[Date "2010.12.04"]
[Round "1"]
[White "Olivo, Mario"]
[Black "Forno, Roberto"]
[Result "1-0"]
[WhiteElo "1818"]
[BlackElo "1940"]
[PlyCount "106"]
[EventDate "2010.12.04"]
[EventType "swiss"]
[EventRounds "7"]
[EventCountry "ITA"]
[SourceTitle "EXT 2024"]
[Source "ChessBase"]
[SourceDate "2023.10.10"]
[SourceVersion "1"]
[SourceVersionDate "2023.10.10"]
[SourceQuality "1"]

1. c4 e5 2. Nc3 Bc5 3. e3 d6 4. g3 Nc6 5. Bg2 Nf6 6. Nge2 Bg4 7. h3 Bh5 8. a3 a5 9. d3 0-0 10. 0-0 Qd7 11. Qc2 Rfe8 12. Kh2 Rad8 13. e4 h6 14. Bd2 Kh7 15. Rae1 g5 16. f3 Bg6 17. g4 Kg7 18. Qc1 Nh7 19. Ng3 Nd4 20. Qd1 c6 21. Be3 Ne6 22. Qd2 Nhf8 23. Nf5+ Bxf5 24. gxf5 Nf4 25. Rh1 Nh7 26. d4 Bxd4 27. Bxd4 exd4 28. Qxd4+ Re5 29. Rd1 Qc7 30. c5 d5 31. exd5 Nxd5 32. Ne4 Nhf6 33. Nd6 Rxf5 34. Rhe1 b6 35. b4 axb4 36. axb4 Rf4 37. Re4 bxc5 38. bxc5 Rxe4 39. fxe4 Nf4 40. e5 N6d5 41. Bxd5 cxd5 42. Rf1 Ra8 43. Rf2 Ra3 44. Ne8+ Kg6 45. Nxc7 Rxh3+ 46. Kg1 Rh4 47. Rxf4 Rxf4 48. Qd3+ Kh5 49. Nxd5 Rg4+ 50. Kf1 Kh4 51. c6 Ra4 52. c7 Ra8 53. Qc4+ g4 1-0

[Event "Asti Alfieri Memorial 5th"]
[Site "Asti"]
[Date "2010.04.17"]
[Round "3"]
[White "Forno, Roberto"]
[Black "Battistelli, Alessandro"]
[Result "1-0"]
[WhiteElo "1923"]
[BlackElo "1930"]
[PlyCount "75"]
[EventDate "2010.04.16"]
[EventType "swiss"]
[EventRounds "5"]
[EventCountry "ITA"]
[SourceTitle "EXT 2024"]
[Source "ChessBase"]
[SourceDate "2023.10.10"]
[SourceVersion "1"]
[SourceVersionDate "2023.10.10"]
[SourceQuality "1"]

1. d4 Nf6 2. Bg5 Ne4 3. Bf4 e6 4. Nf3 b6 5. e3 Bb7 6. Bd3 f5 7. 0-0 Bd6 8. Ne5 0-0 9. f3 Nf6 10. c4 Nh5 11. Nc3 Nxf4 12. exf4 Nc6 13. Bc2 Be7 14. Kh1 Bf6 15. Nxc6 Bxc6 16. d5 Bb7 17. Qd3 c5 18. Rad1 a6 19. g4 Bd4 20. Rd2 Qc7 21. Ne2 Bxb2 22. gxf5 exf5 23. Ng3 g6 24. Rg2 Bg7 25. Ne2 b5 26. Rfg1 bxc4 27. Qxc4 d6 28. h4 Rf6 29. Nd4 Qf7 30. Ne6 Re8 31. Bb3 Qe7 32. Qd3 Rxe6 33. dxe6 Qxh4+ 34. Rh2 Qxf4 35. Bd5 Be5 36. Rh3 Bxd5 37. Qxd5 Re7 38. Rxg6+ 1-0

[Event "Condino op"]
[Site "Condino"]
[Date "2009.08.01"]
[Round "7"]
[White "Forno, Roberto"]
[Black "Popa, Claudio"]
[Result "0-1"]
[WhiteElo "1946"]
[BlackElo "2233"]
[PlyCount "116"]
[EventDate "2009.07.27"]
[EventType "swiss"]
[EventRounds "7"]
[EventCountry "ITA"]
[SourceTitle "CBM 131 Extra"]
[Source "ChessBase"]
[SourceDate "2009.09.03"]
[SourceVersion "2"]
[SourceVersionDate "2009.09.16"]
[SourceQuality "1"]

1. d4 d5 2. c4 c6 3. cxd5 cxd5 4. Nc3 Nf6 5. Nf3 g6 6. Bg5 Bg7 7. e3 0-0 8. Be2 Nc6 9. 0-0 Ne4 10. Nxe4 dxe4 11. Nd2 h6 12. Bh4 g5 13. Bg3 f5 14. h3 Be6 15. Bh2 Bd5 16. a3 Qd7 17. b4 Qe6 18. Rc1 Rac8 19. Rc5 Kh8 20. Bc4 Bxc4 21. Nxc4 Nxd4 22. Rxc8 Rxc8 23. Na5 b6 24. Nb7 Qd5 25. exd4 Qxb7 26. Qh5 f4 27. g3 f3 28. g4 Qc6 29. Be5 Bxe5 30. dxe5 Kg7 31. h4 Qg6 32. Kh2 Qxh5 33. gxh5 gxh4 34. Kh3 Kf7 35. Kg4 Ke6 36. Kf4 Rc4 37. Rg1 e3+ 38. Kxe3 Kxe5 39. Kxf3 Rf4+ 40. Ke3 Rf5 41. Rg7 Rxh5 42. Rxe7+ Kf6 43. Rc7 h3 44. Rc1 h2 45. Rh1 Rh3+ 46. Kf4 h5 47. f3 Kg6 48. b5 Kf6 49. a4 Kg6 50. Ke4 Kg5 51. f4+ Kf6 52. Kd5 Kf5 53. Kc6 Kxf4 54. Kb7 Kg3 55. Kxa7 Rh4 56. Kxb6 Rxa4 57. Rb1 Ra2 58. Kc7 Kg2 0-1

[Event "Porto Mannu op"]
[Site "Porto Mannu"]
[Date "2009.05.19"]
[Round "5"]
[White "Messina, Ottavio"]
[Black "Forno, Roberto"]
[Result "1-0"]
[WhiteElo "2062"]
[BlackElo "1944"]
[PlyCount "96"]
[EventDate "2009.05.16"]
[EventType "swiss"]
[EventRounds "9"]
[EventCountry "ITA"]
[SourceTitle "CBM 130 Extra"]
[Source "ChessBase"]
[SourceDate "2009.07.02"]
[SourceVersion "2"]
[SourceVersionDate "2009.07.15"]
[SourceQuality "1"]

1. e4 g6 2. Nf3 Bg7 3. d4 d6 4. Bd3 Bg4 5. c3 Nc6 6. 0-0 e5 7. d5 Nce7 8. h3 Bd7 9. Ne1 Nf6 10. Bg5 0-0 11. c4 Nh5 12. Nc3 f6 13. Be3 Nf4 14. Qd2 g5 15. Bxf4 gxf4 16. Qe2 Qe8 17. Kh2 Kh8 18. g3 Bh6 19. Ng2 Rg8 20. g4 Ng6 21. f3 Qf7 22. Rh1 Rg7 23. Kg1 a6 24. Kf2 Rag8 25. Rag1 Bg5 26. h4 Bh6 27. h5 Ne7 28. Nh4 c6 29. dxc6 Nxc6 30. Nf5 Bxf5 31. exf5 Nd4 32. Qe4 b5 33. Nd5 Rc8 34. Rc1 Rgg8 35. b3 Bg5 36. Rc3 Qa7 37. Kg2 Rc5 38. h6 Rgc8 39. Rh5 a5 40. Rxg5 fxg5 41. f6 Qb7 42. Nb6 R8c6 43. Nd5 Qf7 44. Ne7 Rc7 45. Qa8+ Rc8 46. Nxc8 Qf8 47. Qe4 Qxh6 48. Nxd6 Ne6 1-0

[Event "Asti op 4th"]
[Site "Asti"]
[Date "2009.04.18"]
[Round "5"]
[White "Dritsakos, Alessio"]
[Black "Forno, Roberto"]
[Result "0-1"]
[WhiteElo "1924"]
[BlackElo "1944"]
[PlyCount "69"]
[EventDate "2009.04.16"]
[EventType "swiss"]
[EventRounds "6"]
[EventCountry "ITA"]
[SourceTitle "CBM 130 Extra"]
[Source "ChessBase"]
[SourceDate "2009.07.02"]
[SourceVersion "2"]
[SourceVersionDate "2009.07.15"]
[SourceQuality "1"]

1. e4 g6 2. d4 Bg7 3. Bc4 d6 4. Nc3 Nc6 5. Nf3 e5 6. Be3 Bg4 7. h3 exd4 8. Bxd4 Nxd4 9. hxg4 Ne6 10. Qd2 Qe7 11. Nd5 Qd7 12. 0-0-0 0-0-0 13. Qa5 Kb8 14. Nc3 c6 15. Nd2 Ne7 16. Nb3 Qc7 17. Qb4 Qb6 18. Qxb6 axb6 19. Rd2 h5 20. Bxe6 fxe6 21. g5 e5 22. g3 Kc7 23. f4 Rh7 24. Rf2 Rf8 25. Ne2 d5 26. exd5 Nxd5 27. Kb1 Ne3 28. Rf3 Ng4 29. Nd2 Rf5 30. Ne4 Rh8 31. Rd1 h4 32. gxh4 Rxh4 33. Rfd3 Rf7 34. Nd6 Rd7 35. fxe5 0-1

[Event "Asti op 4th"]
[Site "Asti"]
[Date "2009.04.18"]
[Round "4"]
[White "Forno, Roberto"]
[Black "Rasulo, Stefano"]
[Result "0-1"]
[WhiteElo "1944"]
[BlackElo "1774"]
[PlyCount "86"]
[EventDate "2009.04.16"]
[EventType "swiss"]
[EventRounds "6"]
[EventCountry "ITA"]
[SourceTitle "CBM 130 Extra"]
[Source "ChessBase"]
[SourceDate "2009.07.02"]
[SourceVersion "2"]
[SourceVersionDate "2009.07.15"]
[SourceQuality "1"]

1. d4 e6 2. c4 d5 3. Nc3 Nf6 4. Nf3 Be7 5. Bg5 0-0 6. e3 Nbd7 7. Bd3 dxc4 8. Bxc4 Re8 9. 0-0 c6 10. a3 Nd5 11. Bxe7 Qxe7 12. Qc2 Nxc3 13. bxc3 e5 14. e4 h6 15. Rfe1 exd4 16. cxd4 Nf8 17. Re3 Qf6 18. Ne5 Be6 19. Rf3 Qd8 20. Rd1 Bxc4 21. Nxc4 Ne6 22. Qd3 Ng5 23. Re3 Qc7 24. e5 Rad8 25. Nd6 Re7 26. f4 Ne6 27. f5 Nf4 28. Qe4 Nd5 29. Rg3 Kh8 30. Qg4 f6 31. Rdd3 fxe5 32. dxe5 Rxe5 33. Ne4 Rde8 34. Rd4 R5e7 35. f6 Qa5 36. h4 Nxf6 37. Nxf6 gxf6 38. Qg6 Qe1+ 39. Kh2 Qe6 40. Qxh6+ Rh7 41. Qf4 Qf7 42. Qf5 Rh5 43. Rg5 Qc7+ 0-1

[Event "Asti op 4th"]
[Site "Asti"]
[Date "2009.04.18"]
[Round "3"]
[White "Fortino, Fabrizio"]
[Black "Forno, Roberto"]
[Result "1-0"]
[WhiteElo "2081"]
[BlackElo "1944"]
[PlyCount "77"]
[EventDate "2009.04.16"]
[EventType "swiss"]
[EventRounds "6"]
[EventCountry "ITA"]
[SourceTitle "CBM 130 Extra"]
[Source "ChessBase"]
[SourceDate "2009.07.02"]
[SourceVersion "2"]
[SourceVersionDate "2009.07.15"]
[SourceQuality "1"]

1. e4 g6 2. d4 Bg7 3. Nf3 d6 4. h3 Nf6 5. Nc3 0-0 6. Be3 c6 7. a4 Qc7 8. Qd2 e5 9. dxe5 dxe5 10. Rd1 b6 11. Bc4 Ba6 12. Qe2 Bb7 13. 0-0 Nbd7 14. Nd2 Nh5 15. Nb3 Rad8 16. Rd2 Nf4 17. Qd1 Nf6 18. Re1 N6h5 19. Rxd8 Rxd8 20. Qf3 Bc8 21. a5 b5 22. Bf1 Qe7 23. Kh2 Ne6 24. Ne2 Nd4 25. Nexd4 exd4 26. Bd2 a6 27. c3 c5 28. cxd4 cxd4 29. Nc1 Bb7 30. g3 Kh8 31. Qe2 Re8 32. Nd3 Bxe4 33. f3 Qd6 34. fxe4 Nxg3 35. Bf4 Be5 36. Nxe5 Nxe2 37. Nxf7+ Kg7 38. Bxd6 Rf8 39. Be5+ 1-0

[Event "Asti op 4th"]
[Site "Asti"]
[Date "2009.04.17"]
[Round "2"]
[White "Forno, Roberto"]
[Black "Carnino, Luca"]
[Result "1-0"]
[WhiteElo "1944"]
[BlackElo "1843"]
[PlyCount "49"]
[EventDate "2009.04.16"]
[EventType "swiss"]
[EventRounds "6"]
[EventCountry "ITA"]
[SourceTitle "CBM 130 Extra"]
[Source "ChessBase"]
[SourceDate "2009.07.02"]
[SourceVersion "2"]
[SourceVersionDate "2009.07.15"]
[SourceQuality "1"]

1. d4 f5 2. g3 Nf6 3. Bg2 g6 4. c4 Bg7 5. Nc3 0-0 6. Nf3 d6 7. 0-0 Qe8 8. Qc2 e5 9. dxe5 dxe5 10. b3 Qe7 11. Rd1 c6 12. a4 Na6 13. Ba3 Nb4 14. Qd2 a5 15. Na2 e4 16. Nd4 c5 17. Nb5 Ra6 18. Nac3 Re6 19. Rac1 e3 20. fxe3 Rxe3 21. Bf3 f4 22. Nd5 Nfxd5 23. cxd5 fxg3 24. d6 gxh2+ 25. Kh1 1-0

[Event "Asti op 4th"]
[Site "Asti"]
[Date "2009.04.16"]
[Round "1"]
[White "Bove, Alessandro"]
[Black "Forno, Roberto"]
[Result "1-0"]
[WhiteElo "2297"]
[BlackElo "1944"]
[PlyCount "45"]
[EventDate "2009.04.16"]
[EventType "swiss"]
[EventRounds "6"]
[EventCountry "ITA"]
[SourceTitle "CBM 130 Extra"]
[Source "ChessBase"]
[SourceDate "2009.07.02"]
[SourceVersion "2"]
[SourceVersionDate "2009.07.15"]
[SourceQuality "1"]

1. e4 d6 2. d4 g6 3. Nc3 Bg7 4. Be3 Nc6 5. Qd2 e5 6. Nge2 f5 7. exf5 gxf5 8. Bg5 Nge7 9. 0-0-0 0-0 10. dxe5 Nxe5 11. Nd5 N5c6 12. Nef4 Qd7 13. Nxe7+ Nxe7 14. Bc4+ Kh8 15. Ne6 Ng6 16. Nxf8 Nxf8 17. Rhe1 Qc6 18. Bb3 Bd7 19. Re7 Ng6 20. Rxg7 Kxg7 21. Bh6+ Kh8 22. Bd5 Qc5 23. Qg5 1-0

[Event "Asti Alfieri Memorial 3rd"]
[Site "Asti"]
[Date "2008.03.30"]
[Round "6"]
[White "Di Chiara, Mauro"]
[Black "Forno, Roberto"]
[Result "1-0"]
[WhiteElo "1812"]
[BlackElo "1947"]
[PlyCount "97"]
[EventDate "2008.03.27"]
[EventType "swiss"]
[EventRounds "6"]
[EventCountry "ITA"]
[SourceTitle "EXT 2011"]
[Source "ChessBase"]
[SourceDate "2010.11.26"]
[SourceVersion "1"]
[SourceVersionDate "2010.11.26"]
[SourceQuality "1"]

1. d4 g6 2. e4 Bg7 3. g3 d6 4. Bg2 Nf6 5. Ne2 0-0 6. 0-0 c6 7. f4 Nbd7 8. e5 Ng4 9. h3 Nh6 10. Be3 Qb6 11. Qc1 Nf5 12. Bf2 h5 13. c4 c5 14. Nbc3 cxd4 15. Nd5 Qd8 16. exd6 exd6 17. Rd1 Re8 18. Nxd4 Nc5 19. Nxf5 Bxf5 20. Bd4 Ne4 21. Bxg7 Kxg7 22. b4 f6 23. Kh2 Rc8 24. Re1 b5 25. Qe3 Rxc4 26. Qxa7+ Kh6 27. Rac1 Nd2 28. Rxe8 Qxe8 29. Rxc4 bxc4 30. Nxf6 Qh8 31. Qd4 Qg7 32. g4 hxg4 33. hxg4 Bxg4 34. Nxg4+ Kh7 35. Qxd2 c3 36. Qd3 Qc7 37. Be4 d5 38. Bxg6+ Kg7 39. Ne5 d4 40. Qh3 Kf6 41. Qf5+ Kg7 42. Qh5 Kf6 43. Qh8+ Ke6 44. Qe8+ Kd5 45. Bf7+ Ke4 46. Kg3 c2 47. Bg6+ Kd5 48. Bxc2 Qxc2 49. Qd7+ 1-0

[Event "Asti Alfieri Memorial 3rd"]
[Site "Asti"]
[Date "2008.03.29"]
[Round "4"]
[White "Favoni, Matteo"]
[Black "Forno, Roberto"]
[Result "1-0"]
[WhiteElo "1900"]
[BlackElo "1947"]
[PlyCount "101"]
[EventDate "2008.03.27"]
[EventType "swiss"]
[EventRounds "6"]
[EventCountry "ITA"]
[SourceTitle "EXT 2011"]
[Source "ChessBase"]
[SourceDate "2010.11.26"]
[SourceVersion "1"]
[SourceVersionDate "2010.11.26"]
[SourceQuality "1"]

1. d4 d5 2. c4 e6 3. Nc3 Nf6 4. Nf3 c6 5. Bg5 Bb4 6. Qc2 Nbd7 7. e3 Qa5 8. Nd2 0-0 9. Bxf6 Nxf6 10. Bd3 Re8 11. 0-0 e5 12. Nb3 Qc7 13. cxd5 Bxc3 14. Qxc3 e4 15. Be2 Nxd5 16. Qd2 a5 17. Nc5 b6 18. Na4 Re6 19. Nc3 Rh6 20. g3 Nf6 21. f3 Bh3 22. fxe4 Bxf1 23. Rxf1 b5 24. e5 Nd7 25. Bf3 Rd8 26. Qf2 Nb6 27. Ne4 Nd5 28. Ng5 Rf8 29. Bg4 Qe7 30. h4 f6 31. Be6+ Kh8 32. Bxd5 cxd5 33. Qf5 Rh5 34. Qe6 Qxe6 35. Nxe6 Rf7 36. Nf4 Rh6 37. Nxd5 f5 38. e4 Rc6 39. Rxf5 Kg8 40. Rxf7 Kxf7 41. Ne3 Rc1+ 42. Kf2 Rb1 43. d5 Rxb2+ 44. Kf3 Rxa2 45. e6+ Ke8 46. d6 a4 47. Nf5 g6 48. Ng7+ Kf8 49. e7+ Kxg7 50. e8Q Ra3+ 51. Kf4 1-0

[Event "Asti Alfieri Memorial 2nd"]
[Site "Asti"]
[Date "2007.03.25"]
[Round "6"]
[White "Viglino, Antonio"]
[Black "Forno, Roberto"]
[Result "0-1"]
[WhiteElo "1818"]
[BlackElo "1955"]
[PlyCount "59"]
[EventDate "2007.03.22"]
[EventType "swiss"]
[EventRounds "6"]
[EventCountry "ITA"]
[SourceTitle "EXT 2010"]
[Source "ChessBase"]
[SourceDate "2010.11.25"]
[SourceVersion "1"]
[SourceVersionDate "2010.11.25"]
[SourceQuality "1"]

1. Nf3 d5 2. d4 Nf6 3. c4 e6 4. g3 c6 5. Bg2 Nbd7 6. 0-0 Bd6 7. b3 0-0 8. Bb2 Re8 9. Nbd2 e5 10. dxe5 Nxe5 11. Nxe5 Bxe5 12. Bxe5 Rxe5 13. e3 Bg4 14. Nf3 Rh5 15. h4 Rf5 16. Qd3 Rxf3 17. Bxf3 Bxf3 18. Qf5 Be4 19. Qf4 Qd7 20. f3 Bg6 21. g4 Re8 22. h5 Bd3 23. Rfd1 Be4 24. fxe4 Rxe4 25. Qb8+ Ne8 26. Rd2 Qxg4+ 27. Rg2 Qxh5 28. Qg3 Qh6 29. Kf2 Qf6+ 30. Qf3 0-1

[Event "Asti Alfieri Memorial 2nd"]
[Site "Asti"]
[Date "2007.03.24"]
[Round "4"]
[White "Forno, Roberto"]
[Black "Castellano, Alfonso"]
[Result "0-1"]
[WhiteElo "1955"]
[BlackElo "1949"]
[PlyCount "96"]
[EventDate "2007.03.22"]
[EventType "swiss"]
[EventRounds "6"]
[EventCountry "ITA"]
[SourceTitle "EXT 2010"]
[Source "ChessBase"]
[SourceDate "2010.11.25"]
[SourceVersion "1"]
[SourceVersionDate "2010.11.25"]
[SourceQuality "1"]

1. e4 c5 2. Nf3 d6 3. d4 cxd4 4. Nxd4 Nf6 5. Nc3 a6 6. Be2 e5 7. Nb3 Be7 8. 0-0 Be6 9. f4 Qc7 10. Be3 0-0 11. a4 b6 12. a5 b5 13. Nd5 Bxd5 14. exd5 Nbd7 15. c4 bxc4 16. Rc1 Qb7 17. Bxc4 Rab8 18. Rc3 Ne4 19. Rc2 Kh8 20. Qd3 f5 21. g4 g6 22. gxf5 gxf5 23. Nd2 Ndc5 24. Qe2 Qb4 25. fxe5 dxe5 26. Nxe4 Nxe4 27. Bb6 Bc5+ 28. Kh1 Bxb6 29. axb6 Rxb6 30. Bd3 Qe7 31. Bxa6 Qh4 32. Rf3 Rg6 33. Rc8 Rxc8 34. Bxc8 Ng3+ 35. Rxg3 Rxg3 36. Qxe5+ Rg7 37. Be6 Qe4+ 38. Qxe4 fxe4 39. d6 e3 40. Bc4 Rg6 41. b4 Rxd6 42. Kg2 Rd4 43. Be2 Rxb4 44. Kf3 Rb3 45. Ke4 Kg7 46. Bd3 Kf6 47. Kxe3 Kg5 48. Kd4 h5 0-1